000 00351nam a2200157Ia 4500
003 0STCL
008 150530s9999 xx 000 0 und d
040 _aSTCL
_cSTCL
100 _aHerman Onld
245 _aJohn Galsworthy
260 _bChapman and hall
_c1935
546 _aEnglish
942 _2ddc
_cBK
999 _c52213
_d52213
005 20220125170855.0